Wikipedia @ 20 (Record no. 17279)
[ view plain ]
| 000 -LEADER | |
|---|---|
| fixed length control field | 00753nam a2200133Ia 4500 |
| 008 - FIXED-LENGTH DATA ELEMENTS--GENERAL INFORMATION | |
| fixed length control field | 220615s9999||||xx |||||||||||||| ||und|| |
| 020 ## - INTERNATIONAL STANDARD BOOK NUMBER | |
| International Standard Book Number | 9780260000000 |
| 245 #0 - TITLE STATEMENT | |
| Title | Wikipedia @ 20 |
| Remainder of title | Stories of an Incomplete Revolution |
| 546 ## - LANGUAGE NOTE | |
| Language note | English[eng] |
| 650 ## - SUBJECT ADDED ENTRY--TOPICAL TERM | |
| Topical term or geographic name entry element | Wikipedia||wiki||encyclopedia||technology||internet||web||information||knowledge||data||teaching||education||libraries||journalism||history||collaboration||bias||activism||access||equity||art||racism||sexism||colonialism||economics||utopia||ethics||business||authority||academia||open education||free knowledge||connection||creative commons||volunteer||archive||research |
| 700 ## - ADDED ENTRY--PERSONAL NAME | |
| Personal name | Reagle, Joseph||Koerner, Jackie |
| 856 ## - ELECTRONIC LOCATION AND ACCESS | |
| Uniform Resource Identifier | <a href="https://doi.org/10.7551/mitpress/12366.001.0001">https://doi.org/10.7551/mitpress/12366.001.0001</a> |
| 942 ## - ADDED ENTRY ELEMENTS (KOHA) | |
| Koha item type | E-Books |
| Withdrawn status | Lost status | Damaged status | Not for loan | Home library | Current library | Date acquired | Total Checkouts | Date last seen | Price effective from | Koha item type |
|---|---|---|---|---|---|---|---|---|---|---|
| Kerala University of Digital Sciences, Innovation and Technology Knowledge Centre | Kerala University of Digital Sciences, Innovation and Technology Knowledge Centre | 15/06/2022 | 15/06/2022 | 15/06/2022 | E-Books |